Statistics for 200 Biggest Cities in the United States

Click here to take the quiz!

General Stats

  • This quiz has been taken 592 times
    (525 since last reset)
  • The average score is 110 of 200

Answer Stats

PopulationStateCity% Correct
2 715 000IllinoisChicago
97%
2 160 000TexasHouston
97%
3 860 000CaliforniaLos Angeles
97%
1 240 000TexasDallas
97%
8 335 000New YorkNew York City
96%
825 000CaliforniaSan Francisco
96%
1 490 000ArizonaPhoenix
96%
1 340 000CaliforniaSan Diego
96%
635 000MassachusettsBoston
95%
635 000WashingtonSeattle
95%
1 550 000PennsylvaniaPhiladelphia
95%
840 000TexasAustin
94%
700 000MichiganDetroit
94%
600 000OklahomaOklahoma City
94%
415 000FloridaMiami
94%
835 000IndianaIndianapolis
94%
1 380 000TexasSan Antonio
93%
630 000DCWashington
93%
635 000ColoradoDenver
92%
595 000NevadaLas Vegas
92%
980 000CaliforniaSan Jose
92%
605 000OregonPortland
91%
625 000TennesseeNashville-Davidson
91%
670 000TexasEl Paso
91%
175 000MississippiJackson
91%
465 000MissouriKansas City
89%
445 000GeorgiaAtlanta
89%
835 000FloridaJacksonville
89%
655 000TennesseeMemphis
89%
145 000KansasKansas
89%
370 000LouisianaNew Orleans
88%
350 000FloridaTampa
88%
390 000OhioCleveland
87%
390 000MinnesotaMinneapolis
87%
475 000CaliforniaSacramento
87%
200 000GeorgiaColumbus
87%
620 000MarylandBaltimore
87%
810 000OhioColumbus
87%
320 000MissouriSt. Louis
86%
250 000FloridaOrlando
86%
775 000North CarolinaCharlotte
85%
600 000WisconsinMilwaukee
83%
305 000PennsylvaniaPittsburgh
82%
425 000North CarolinaRaleigh
82%
605 000KentuckyLouisville-Jefferson
82%
780 000TexasFort Worth
82%
525 000ArizonaTucson
81%
260 000New YorkBuffalo
81%
345 000HawaiiHonolulu
81%
420 000NebraskaOmaha
80%
190 000UtahSalt Lake
80%
430 000ColoradoColorado Springs
79%
295 000OhioCincinnati
78%
395 000OklahomaTulsa
78%
400 000CaliforniaOakland
77%
505 000CaliforniaFresno
76%
300 000AlaskaAnchorage
76%
290 000MinnesotaSt. Paul
76%
445 000VirginiaVirginia Beach
75%
210 000AlabamaBirmingham
74%
210 000VirginiaRichmond
74%
230 000NevadaReno
74%
230 000LouisianaBaton Rouge
73%
385 000KansasWichita
73%
215 000IdahoBoise
71%
205 000IowaDes Moines
71%
160 000MissouriSpringfield
70%
155 000MassachusettsSpringfield
70%
465 000CaliforniaLong Beach
70%
265 000NebraskaLincoln
69%
240 000WisconsinMadison
69%
280 000New JerseyNewark
69%
455 000ArizonaMesa
69%
205 000AlabamaMontgomery
68%
255 000New JerseyJersey
64%
315 000TexasCorpus Christi
64%
155 000OregonSalem
64%
195 000ArkansasLittle Rock
63%
180 000Rhode IslandProvidence
63%
375 000TexasArlington
63%
185 000FloridaTallahasse
63%
315 000CaliforniaRiverside
62%
210 000New YorkRochester
61%
360 000CaliforniaBakersfield
61%
345 000CaliforniaAnaheim
61%
205 000WashingtonSpokane
60%
285 000OhioToledo
60%
190 000MichiganGrand Rapids
59%
330 000CaliforniaSanta Ana
59%
275 000North CarolinaGreensboro
58%
195 000TexasAmarillo
57%
200 000IllinoisAurora
57%
215 000CaliforniaSan Bernardino
57%
340 000ColoradoAurora
57%
195 000AlabamaMobile
57%
140 000GeorgiaSavannah
56%
200 000OhioAkron
56%
130 000South CarolinaColumbia
55%
170 000FloridaFort Lauderdale
55%
240 000North CarolinaDurham
54%
140 000OhioDayton
54%
180 000TennesseeKnoxville
53%
225 000NevadaNorth Las Vegas
53%
200 000WashingtonTacoma
53%
125 000KansasTopeka
53%
245 000VirginiaNorfolk
52%
270 000TexasPlano
51%
255 000IndianaFort Wayne
51%
200 000GeorgiaAugusta
51%
230 000CaliforniaIrvine
51%
160 000South DakotaSioux Falls
50%
235 000TexasLubbock
50%
265 000NevadaHenderson
49%
225 000ArizonaScottsdale
49%
145 000New YorkSyracuse
48%
300 000CaliforniaStockton
47%
125 000TexasWaco
47%
150 000TexasPasadena
46%
140 000CaliforniaPasadena
46%
245 000TexasLaredo
46%
200 000LouisianaShreveport
46%
155 000OregonEugene
46%
230 000ArizonaGlendale
45%
195 000CaliforniaGlendale
45%
170 000TennesseeChattanooga
44%
250 000CaliforniaChula Vista
42%
245 000ArizonaChandler
42%
200 000New YorkYonkers
42%
180 000TexasBrownsville
41%
225 000Texasirving
40%
130 000ConnecticutNew Haven
40%
235 000North CarolinaWinston-Salem
40%
200 000CaliforniaOxnard
39%
145 000ConnecticutBridgeport
38%
180 000VirginiaNewport News
38%
165 000ArizonaTempe
37%
145 000FloridaHollywood
37%
170 000CaliforniaSanta Rosa
37%
185 000AlabamaHuntsville
37%
180 000CaliforniaSanta Clarita
36%
180 000MassachusettsWorcester
36%
230 000FloridaHialeah
35%
230 000VirginiaChesapeake
35%
225 000CaliforniaFremont
35%
200 000CaliforniaModesto
34%
180 000KansasOverland Park
34%
150 000ColoradoFort Collins
33%
160 000ArizonaPeoria
32%
200 000North CarolinaFayetteville
32%
130 000IowaCedar Rapids
32%
195 000CaliforniaHuntington Beach
31%
235 000TexasGarland
31%
145 000VirginiaAlexandria
31%
245 000FloridaSt. Petersburgh
30%
135 000TexasMcAllen
30%
165 000CaliforniaOntario
29%
165 000WashingtonVancouver
29%
140 000CaliforniaOrange
29%
170 000FloridaPort St. Lucie
27%
150 000IllinoisRockford
26%
200 000CaliforniaFontana
26%
170 000CaliforniaOceanside
26%
160 000FloridaCape Coral
26%
555 000New MexicoAlbaquerque
25%
135 000VirginiaHampton
23%
155 000CaliforniaPalmdale
23%
150 000IllinoisJoliet
23%
160 000CaliforniaCorona
23%
140 000IllinoisNaperville
23%
130 000TexasFrisco
23%
160 000CaliforniaLancaster
23%
155 000CaliforniaSalinas
22%
150 000CaliforniaPomona
22%
130 000KansasOlathe
21%
200 000CaliforniaMoreno Valley
21%
170 000CaliforniaRancho Cucamonga
21%
140 000TexasMcKinney
21%
140 000TennesseeClarksville
21%
145 000ColoradoLakewood
20%
145 000CaliforniaTorrance
20%
135 000MichiganWarren
19%
180 000TexasGrand Prairie
19%
145 000CaliforniaEscondido
19%
145 000New JerseyPaterson
19%
140 000TexasMesquite
19%
130 000UtahWest Valley
18%
160 000FloridaPembroke Pines
18%
140 000CaliforniaFullerton
18%
150 000CaliforniaHayward
17%
160 000CaliforniaElk Grove
16%
130 000FloridaMiramar
16%
135 000TexasKilleen
15%
130 000CaliforniaThousand Oaks
15%
125 000CaliforniaVisalia
15%
175 000CaliforniaGarden Grove
14%
145 000CaliforniaSunnyvale
13%
130 000MichiganSterling Heights
13%
305 000KentuckyLexington-Fayette
6%
220 000ArizonaGilbert Town
5%
145 000North CarolinaCary Town
3%

Score Distribution

Percentile by Number Answered

Percent of People with Each Score

Your Score History

You have not taken this quiz since the last reset